| 000 | 03168nam1a22004811i 4500 | ||
|---|---|---|---|
| 001 | v19\rc\2109890 | ||
| 005 | 20260408063532.0 | ||
| 035 | _a(NLR Aleph) 005181423 | ||
| 090 |
_a5135244 _c5135244 |
||
| 100 | _a20090914g18051809m||y0rusy50 ca | ||
| 101 | 1 |
_arus _afre _cfre |
|
| 102 | _aRU | ||
| 140 | _aah y e yaa0000 | ||
| 200 | 1 |
_aЭрмитажная галерея гравированная штрихами с лучших картин оную составляющих; _fи сопровождаемая историческим описанием сочиненным Камилем уроженцем женевским. _gС французскаго перевел Сергей Глинка. _gСие издание удостоено одобрения его императорскаго величества Александра Перваго и издано Ф.И. Лабенским. |
|
| 210 |
_aВ Санктпетербурге _cу Алиция, придворнаго книгопродавца, а в Лондоне у Бойделя. _cпечатано в типографии Шнора _dMDCCCV-[MDCCCIX] [1805-1809] |
||
| 215 | _d4° | ||
| 300 | _aЦенз.: С дозволения цензуры (тит. л.) | ||
| 300 | _aТекст парал. на рус. и фр. яз. | ||
| 300 | _aИмеется грав. тит. л. т.1 на фр. яз. | ||
| 300 | _aНа с.[5-12] т.1 посвящ. Александру I на фр. и рус. яз. В конце рус. текста подпись: Франц Лабенский | ||
| 300 | _aФронт. т.1 - портр. Екатерины II (с оргинала Лампи) | ||
| 300 | _aИл. воспроизводят картины, хранящиеся в Эрмитаж. галерее | ||
| 300 | _aИл. т.1 с подписью: Labensky direx. Sanders sc.; т.1 - Sanders sc. (под одной ил. подпись Chetzky sc.) | ||
| 620 | _aСанкт-Петербург | ||
| 702 | 1 |
_aКамиль _4220 |
|
| 702 | 1 |
_4730 _8rus _7ca _aГлинка _bС. Н. _f1776-1847 _gСергей Николаевич _3RU\NLR\AUTH\7760601 _943532 |
|
| 702 | 1 |
_aЛабенский _bФ.И. _gФранц И. _4650 |
|
| 702 | 1 |
_4610 _7ca _8rus _aШнор _bИ. К. _f1738-1812 _gИоганн Карл _9158235 _3RU\NLR\AUTH\770158276 |
|
| 702 | 1 |
_aАлиций _4160 |
|
| 702 | 1 |
_aБойдель _4160 |
|
| 702 | 0 |
_4280 _8rus _7ca _aАлександр _cимператор российский _dI _f1777-1825 _3RU\NLR\AUTH\775342 _9115306 |
|
| 702 | 1 |
_aЛампи Старший _f1751-1830 _gИоганн Батист |
|
| 702 | 0 |
_8rus _7ca _aЕкатерина _cимператрица российская _dII _f1729-1796 _3RU\NLR\AUTH\772098 _9112115 |
|
| 702 | 1 |
_6z01790 _aСаундерс _f1773-1845 _gДжозеф _4350 |
|
| 702 | 1 |
_aChetzky _4350 |
|
| 712 | 0 | 0 |
_4610 _aШнор, _gИ. K., _hтипография _cПетербург _7ba _3RU\NLR\AUTH\8810035686 _9569792 |
| 790 | 1 |
_6z01702 _aSanders _4350 |
|
| 801 | 0 |
_aRU _bNLR _gpsbo |
|
| 801 | 1 |
_aRU _bProSoft-M _2rusmarc |
|
| 852 |
_aNLR _j38.79.1.62-1-2 |
||
| 852 |
_aNLR _jКр II/2349 (1/1-3, 2/4-6) |
||
| 942 | _cBOOK | ||